Kalorimetrie, Photometrie und Spektrometrie

Gespeichert in:
Bibliographische Detailangaben
1. Verfasser: Kortüm, Gustav (Verfasst von)
Format: Buch
Sprache:Deutsch
Veröffentlicht: Berlin : Springer Verlag, 1955
Ausgabe:3. Auflage
Schlagworte:
Tags: Tag hinzufügen
Keine Tags, Fügen Sie das erste Tag hinzu!

MARC

LEADER 00000nam a22000003a 4500
001 stu87851
005 20150617225631.3
008 040614s1955----NSR-----------------ger-d
040 |a STU  |b slo 
041 0 |a ger 
044 |a NSR 
080 |a 535.65  |7 A000002057 
100 1 |a Kortüm, Gustav  |4 aut 
245 1 |a Kalorimetrie, Photometrie und Spektrometrie 
250 |a 3. Auflage 
260 |a Berlin :  |b Springer Verlag,  |c 1955 
300 |a 458 s 
650 7 |a kalorimetria  |2 stusub 
996 |b 284J021723  |c J*27556  |l JJK16  |s P  |a 0  |w stu87851_0001